Dans l'univers - Nekfeu & Vanessa Paradis (paroles) - Statistiques

Statistiques générales
  • Ce quiz a été pris 273 fois
  • Le résultat moyen est 368 sur 468
Statistiques - réponses
Paroles % Correct
Dans
100%
dans
100%
de
99%
l'univers,
99%
l'univers
99%
des
98%
milliards
98%
y'a
98%
ce
97%
filles
97%
m'a
97%
ma
97%
mais
97%
se
97%
toi
97%
c'est
96%
que
96%
et
95%
Et
95%
humains
95%
sept
95%
d'êtres
94%
Je
94%
je
94%
peut
93%
Sur
93%
vie
93%
Terre
92%
trois
92%
le
91%
par
88%
Peut-être
88%
a
87%
à
87%
vies
87%
T'es
86%
tes
86%
qu'j'veux
84%
ton
84%
vide
84%
me
83%
obsédé
82%
en
80%
mode
80%
tu
80%
Tu
80%
ne
79%
ta
79%
j'déteste
78%
la
78%
même
77%
pas
77%
sais
76%
choses
75%
puis
74%
ensemble
73%
heureux
72%
Nous
72%
part
72%
qu'on
72%
Y'en
72%
y'en
72%
plein
71%
qu'une,
71%
si
71%
sépare
70%
mon
69%
On
69%
on
69%
serait
69%
ceux
68%
rancune
68%
sommes
68%
t'as
68%
vices
68%
mal
66%
notre
66%
Notre
66%
Un
66%
"jamais
65%
Jamais,
65%
jamais
65%
Pourtant
65%
amour
64%
demain
63%
du
63%
entre
62%
les
62%
renaître
62%
cœur
61%
dit
61%
Elle
61%
mains"
61%
devait
60%
m'as
59%
laissé
58%
quand
58%
Quand
58%
une
58%
c'était
57%
était
57%
jeune
57%
traiter
57%
s'aimer,
56%
pensait
55%
mal-être
54%
remettrai
54%
femmes
53%
jeunes,
52%
jour,
52%
marques
52%
moi
52%
oui
52%
temps
52%
étrange
51%
n'oublie
51%
désir
50%
l'avais
50%
nom
50%
qu'elle
49%
donneras
48%
lune
48%
vois
48%
défilent
47%
prendras
47%
soleil
47%
nuit
46%
procession
46%
puissant
46%
disparaît
45%
jusqu'à
45%
pissenlits
45%
possession
45%
bouffe
43%
seul
43%
combat
42%
couple
42%
dégoûte,
40%
dort
39%
sous
39%
succombe
39%
J'y
38%
homme
37%
luit,
37%
raté
37%
s'ennuie
37%
d'un
36%
Nos
35%
lumière
33%
ombre
32%
apprendre
31%
inquiet
31%
traits
31%
cette
29%
cœurs
28%
unis
27%
pensais
26%
danse
23%
monde
9%
Aucun quiz correspondant
Distribution des résultats
% des personnes avec chaque résultat
Percentile par nombre de réponses
Votre historique - résultats
Vous n’avez pas pris ce quiz